000 00498nam a22001577a 4500
082 _aBE-EE-3
100 _aAbdullah Khalil
_992959
245 _aWEACAM: Wearable asthma control and monitoring
260 _aIslamabad
_bNUST-SEECS
_c2015
300 _a77
_eCD Include
500 _aSupervisors: Dr. Amir Ali Khan, Dr. Awais M. Kamboh
700 _aSaadullah Amin
_992960
700 _aMuhammad Raza Khalid
_992961
856 _uhttp://10.250.8.41:8080/xmlui/handle/123456789/9823
942 _cPR
_2ddc
999 _c13242
_d13242